Johnny Depp - Roles by Picture - Statistics

General Stats
  • This quiz has been taken 159 times
  • The average score is 26 of 64
Answer Stats
Picture Answer % Correct
Capt. Jack Sparrow
92%
Edward Scissorhands
89%
Willy Wonka
89%
Rango
82%
Donald J. Trump
78%
Tarrant Hightopp, the Mad Hatter
78%
Sweeney Todd
68%
Gilbert Grape
61%
Ed Wood
60%
Gellert Grindelwald
55%
Sherlock Gnomes
51%
Tonto
51%
Donnie Brasco / Joseph D. Pistone
49%
Ichabod Crane
49%
Wade 'Cry-Baby' Walker
48%
Victor Van Dort
47%
Glen Lantz
46%
John Dillinger
45%
King Louis XV
44%
The Big Bad Wolf
42%
Charlie Mortdecai
41%
Don Juan DeMarco
41%
Barnabas Collins
40%
Frank Tupelo / Alexander Pearce
40%
Mort Rainey
39%
Ofc. Thomas 'Tom' Hanson
39%
George Jung
38%
Sir James Matthew Barrie
38%
Raoul Duke
36%
Roux
36%
James 'Whitey' Bulger
35%
Prof. Richard Brown
34%
Sam
34%
Insp. Frederick Abberline
33%
Johnny Puff
33%
Lerner
33%
Axel Blackmar
32%
CIA Agent Sands
32%
Will Caster
32%
Cesar
31%
Cmdr. Spencer Armacost
31%
Jack Marshall
31%
Paul Kemp
31%
William Blake
31%
Bon Bon
29%
Dean Corso
29%
Raphael
29%
W. Eugene Smith
29%
Col. Joll
28%
Gene Watson
28%
John Wilmot, 2nd Earl of Rochester
28%
Russell Poole
27%
Chick Purchase
26%
Edward Ratchett
26%
Jack Kahuna Laguna
26%
Lt. Víctor
26%
Matthew Smith
26%
Rob Cameron
26%
Donnie Fleischer
25%
Guy LaPointe
25%
Imaginarium Tony 1
25%
L'inconnu
25%
Lionel Viland
25%
Yogi Victor
24%
No matching quizzes found
Score Distribution
Percent of People with Each Score
Percentile by Number Answered
Your Score History
You have not taken this quiz